[Event "CZE-chT 2223"]
[Site "Czech Republic"]
[Date "2023.03.25"]
[Round "10.2"]
[White "Svanda, Ondrej"]
[Black "Kourousis, Epaminondas"]
[Result "1-0"]
[WhiteElo "2341"]
[BlackElo "2383"]
[PlyCount "87"]
[EventDate "2022.10.15"]
[EventType "team-tourn"]
[EventRounds "11"]
[EventCountry "CZE"]
[SourceTitle "CBM 213 Extra"]
[Source "ChessBase"]
[SourceDate "2023.05.31"]
[SourceVersion "1"]
[SourceVersionDate "2023.05.31"]
[SourceQuality "1"]
[WhiteTeam "Kromeriz Slavia"]
[BlackTeam "Praha Dopravni Podnik"]
[WhiteTeamCountry "CZE"]
[BlackTeamCountry "CZE"]

1. e4 c5 2. c3 Nf6 3. e5 Nd5 4. Nf3 e6 5. d4 cxd4 6. cxd4 d6 7. Bc4 Nb6 8. Bb3 dxe5 9. Nxe5 N8d7 10. 0-0 Nxe5 11. dxe5 Qxd1 12. Rxd1 Bd7 13. Nc3 Bc6 14. Be3 Be7 15. a4 0-0 16. Nb5 Bxb5 17. axb5 Rfd8 18. Rxd8+ Bxd8 19. f4 Nd7 20. Bd1 a5 21. Bf3 Rb8 22. Rd1 Bb6 23. Bxb6 Nxb6 24. Bxb7 g5 25. Bc6 gxf4 26. Rd4 Kf8 27. Kf2 Ke7 28. Rxf4 Rd8 29. Ke2 Rg8 30. Ke3 Nd5+ 31. Bxd5 exd5 32. Kd4 Rxg2 33. Kxd5 Rxb2 34. Kc6 Ke6 35. b6 Kxe5 36. Rxf7 a4 37. Rxh7 Rc2+ 38. Kd7 a3 39. Rh5+ Ke4 40. Ra5 a2 41. b7 Rb2 42. Kc7 Rc2+ 43. Kb6 Rb2+ 44. Ka7 1-0

[Event "CZE-chT 2223"]
[Site "Czech Republic"]
[Date "2023.03.24"]
[Round "9.6"]
[White "Horak, Martin"]
[Black "Kourousis, Epaminondas"]
[Result "1-0"]
[WhiteElo "2191"]
[BlackElo "2383"]
[PlyCount "119"]
[EventDate "2022.10.15"]
[EventType "team-tourn"]
[EventRounds "11"]
[EventCountry "CZE"]
[SourceTitle "CBM 213 Extra"]
[Source "ChessBase"]
[SourceDate "2023.05.31"]
[SourceVersion "1"]
[SourceVersionDate "2023.05.31"]
[SourceQuality "1"]
[WhiteTeam "Unichess"]
[BlackTeam "Praha Dopravni Podnik"]
[WhiteTeamCountry "CZE"]
[BlackTeamCountry "CZE"]

1. d4 Nf6 2. c4 e6 3. Nf3 b6 4. g3 Bb7 5. Bg2 g6 6. 0-0 Bg7 7. Qc2 Be4 8. Qb3 Bb7 9. Rd1 0-0 10. d5 Na6 11. Nc3 d6 12. e4 Qe8 13. Qc2 Nc5 14. Nd4 e5 15. Ndb5 Qd8 16. b4 Ncd7 17. Na4 a6 18. Nbc3 Qe7 19. c5 dxc5 20. bxc5 Nxc5 21. Ba3 Nfd7 22. Nxc5 Nxc5 23. Na4 Rfd8 24. Nxc5 bxc5 25. Rab1 Bc8 26. Bxc5 Qf6 27. Be3 Rd7 28. Rd3 Bf8 29. h4 h6 30. Rc3 Qd8 31. Rc1 a5 32. Bf1 Rb8 33. Rxc7 Rxc7 34. Qxc7 Qxc7 35. Rxc7 Bg4 36. Kg2 Rb2 37. Bc4 Be2 38. Bxe2 Rxe2 39. a4 Ra2 40. Rc8 Kg7 41. Bxh6+ Kxh6 42. Rxf8 Rxa4 43. Rxf7 Rxe4 44. Re7 a4 45. Kf3 Rd4 46. g4 g5 47. hxg5+ Kg6 48. Re6+ Kxg5 49. Rxe5+ Kf6 50. Rf5+ Kg6 51. d6 Rxd6 52. Ra5 Rd4 53. Kg3 Rd3+ 54. f3 a3 55. Kf4 Rb3 56. Ra6+ Kg7 57. g5 Rb4+ 58. Kf5 Rb3 59. Ra7+ Kf8 60. f4 1-0

[Event "CZE-chT 2122"]
[Site "Czech Republic"]
[Date "2022.04.08"]
[Round "13.6"]
[White "Simek, Petr1111"]
[Black "Kourousis, Epaminondas"]
[Result "0-1"]
[WhiteElo "2298"]
[BlackElo "2391"]
[PlyCount "82"]
[EventDate "2021.10.15"]
[EventType "team-tourn"]
[EventRounds "15"]
[EventCountry "CZE"]
[SourceTitle "EXT 2023"]
[Source "ChessBase"]
[SourceDate "2022.10.05"]
[SourceVersion "1"]
[SourceVersionDate "2022.10.05"]
[SourceQuality "1"]
[WhiteTeam "Unichess"]
[BlackTeam "Praha Dopravni Podnik"]
[WhiteTeamCountry "CZE"]
[BlackTeamCountry "CZE"]

1. d4 Nf6 2. c4 e6 3. Nf3 b6 4. g3 Bb7 5. Bg2 Be7 6. 0-0 0-0 7. Re1 d5 8. cxd5 exd5 9. Nc3 Na6 10. Bf4 c5 11. e3 Ne4 12. h4 h6 13. h5 Nf6 14. Ne5 Nc7 15. Nd3 Ne6 16. Be5 Qd7 17. Bh3 Qc6 18. Bg2 Rad8 19. Nf4 Nxf4 20. exf4 Qc8 21. Bf3 Ne4 22. Bg4 Qc6 23. Qa4 Qxa4 24. Nxa4 Bc8 25. Bxc8 Rxc8 26. dxc5 Bxc5 27. Nxc5 Nxc5 28. Rad1 Rfd8 29. Re2 f6 30. Bd4 Kf7 31. f5 Ne4 32. Kg2 Nd6 33. g4 Nb5 34. b3 Re8 35. Rxe8 Rxe8 36. Be3 d4 37. a4 dxe3 38. axb5 e2 39. Re1 Re5 40. Kf3 Rxb5 41. Kxe2 Re5+ 0-1

[Event "CZE-chT1W 2122"]
[Site "Czech Republic"]
[Date "2022.02.06"]
[Round "8.4"]
[White "Slovak, Kilian"]
[Black "Kourousis, Epaminondas"]
[Result "1-0"]
[WhiteElo "2267"]
[BlackElo "2391"]
[PlyCount "61"]
[EventDate "2021.10.10"]
[EventType "team-tourn"]
[EventRounds "11"]
[EventCountry "CZE"]
[SourceTitle "EXT 2023"]
[Source "ChessBase"]
[SourceDate "2022.10.05"]
[SourceVersion "1"]
[SourceVersionDate "2022.10.05"]
[SourceQuality "1"]
[WhiteTeam "Kobylisy"]
[BlackTeam "Praha DP EA Hotels"]
[WhiteTeamCountry "CZE"]
[BlackTeamCountry "CZE"]

1. e4 c5 2. Nf3 Nc6 3. d4 cxd4 4. Nxd4 g6 5. c4 Bg7 6. Be3 Nf6 7. Nc3 Nxd4 8. Bxd4 0-0 9. Be2 d6 10. 0-0 Bd7 11. Qd3 Bc6 12. b4 b6 13. Rac1 a5 14. a3 Nd7 15. Be3 axb4 16. axb4 Ra3 17. Qd2 Qb8 18. Nd5 Re8 19. Bg5 Nf6 20. Bf3 Nxd5 21. exd5 Bd7 22. Rfe1 e5 23. dxe6 Rxe6 24. Bd5 Rxe1+ 25. Rxe1 Ra1 26. Bxf7+ Kh8 27. Rxa1 Bxa1 28. Qe1 Bg7 29. Bd5 Qe8 30. Qxe8+ Bxe8 31. Be7 1-0

[Event "CZE-chT 2122"]
[Site "Czech Republic"]
[Date "2022.01.29"]
[Round "7.1"]
[White "Kourousis, Epaminondas"]
[Black "Bulockin, Martin"]
[Result "1-0"]
[WhiteElo "2391"]
[BlackElo "2315"]
[PlyCount "69"]
[EventDate "2021.10.15"]
[EventType "team-tourn"]
[EventRounds "15"]
[EventCountry "CZE"]
[SourceTitle "EXT 2023"]
[Source "ChessBase"]
[SourceDate "2022.10.05"]
[SourceVersion "1"]
[SourceVersionDate "2022.10.05"]
[SourceQuality "1"]
[WhiteTeam "Praha Dopravni Podnik"]
[BlackTeam "Pardubice"]
[WhiteTeamCountry "CZE"]
[BlackTeamCountry "CZE"]

1. d4 Nf6 2. c4 e6 3. g3 c5 4. Nf3 cxd4 5. Nxd4 d5 6. Bg2 e5 7. Nf3 d4 8. 0-0 Nc6 9. e3 dxe3 10. Qxd8+ Kxd8 11. Bxe3 Be6 12. Ng5 Bd6 13. Nxe6+ fxe6 14. Nc3 a6 15. Rfd1 Ke7 16. Ne4 Nxe4 17. Bxe4 h6 18. Rd3 Nd4 19. Rad1 Bc5 20. f4 Rad8 21. fxe5 Nb3 22. Kf2 Bxe3+ 23. Kxe3 Rxd3+ 24. Rxd3 Nc5 25. Rd6 Rd8 26. Rxd8 Kxd8 27. b4 Nd7 28. Bxb7 Nxe5 29. Bxa6 Ng4+ 30. Ke4 Kc7 31. c5 Nf6+ 32. Kd4 Kc6 33. Be2 Nd7 34. b5+ Kc7 35. a4 1-0

[Event "CZE-chT1W 2122"]
[Site "Czech Republic"]
[Date "2022.01.09"]
[Round "6.5"]
[White "Kourousis, Epaminondas"]
[Black "Michalik, Peter"]
[Result "0-1"]
[WhiteElo "2391"]
[BlackElo "2566"]
[PlyCount "72"]
[EventDate "2021.10.10"]
[EventType "team-tourn"]
[EventRounds "11"]
[EventCountry "CZE"]
[SourceTitle "EXT 2023"]
[Source "ChessBase"]
[SourceDate "2022.10.05"]
[SourceVersion "1"]
[SourceVersionDate "2022.10.05"]
[SourceQuality "1"]
[WhiteTeam "Praha DP EA Hotels"]
[BlackTeam "Unichess"]
[WhiteTeamCountry "CZE"]
[BlackTeamCountry "CZE"]

1. d4 d5 2. c4 e6 3. Nf3 Nf6 4. g3 Bb4+ 5. Nbd2 dxc4 6. Qc2 b5 7. a4 c6 8. Bg2 a5 9. 0-0 0-0 10. b3 cxb3 11. Nxb3 Ba6 12. Bg5 Be7 13. Rfc1 bxa4 14. Rxa4 Bb5 15. Ra2 a4 16. Nc5 Na6 17. Nxa6 Rxa6 18. e3 Nd5 19. Bxe7 Qxe7 20. Raa1 a3 21. Ne5 Rfa8 22. Bf1 g6 23. Rcb1 Rb6 24. e4 Nf6 25. f3 Nd7 26. Nxd7 Qxd7 27. Qc5 Rbb8 28. d5 exd5 29. exd5 a2 30. Rd1 Bxf1 31. dxc6 Qh3 32. Qc2 Bb5 33. c7 Re8 34. Rxa2 Rxa2 35. Qxa2 Re2 36. c8Q+ Qxc8 0-1

[Event "Pardubice op rapid 32nd"]
[Site "Pardubice"]
[Date "2021.07.22"]
[Round "4"]
[White "Nisipeanu, Liviu Dieter"]
[Black "Kourousis, Epaminondas"]
[Result "1-0"]
[WhiteElo "2656"]
[BlackElo "2391"]
[PlyCount "77"]
[EventDate "2021.07.21"]
[EventType "swiss (rapid)"]
[EventRounds "9"]
[EventCountry "CZE"]
[SourceTitle "CBM 203 Extra"]
[Source "ChessBase"]
[SourceDate "2021.09.30"]
[SourceVersion "1"]
[SourceVersionDate "2021.09.30"]
[SourceQuality "1"]

1. d4 Nf6 2. c4 e6 3. Nc3 Bb4 4. e3 d5 5. a3 Bxc3+ 6. bxc3 c6 7. Nf3 0-0 8. Be2 b6 9. 0-0 Ba6 10. Nd2 Nbd7 11. a4 e5 12. a5 Qc8 13. Bb2 Re8 14. cxd5 Bxe2 15. Qxe2 cxd5 16. c4 Qc6 17. dxe5 Nxe5 18. Rfc1 Nxc4 19. Nxc4 dxc4 20. Rxc4 Qe6 21. h3 Rac8 22. Rxc8 Rxc8 23. Bd4 h6 24. Qb2 Rc6 25. axb6 axb6 26. Ra8+ Kh7 27. Ra7 Qf5 28. Qe2 Rc1+ 29. Kh2 Rc2 30. Qf3 Rxf2 31. Qxf5+ Rxf5 32. g4 Rf2+ 33. Kg1 Re2 34. Rxf7 Kg6 35. Rb7 h5 36. g5 Kxg5 37. Rxg7+ Kh6 38. Bxf6 Rxe3 39. Bg5+ 1-0

[Event "Pardubice op rapid 32nd"]
[Site "Pardubice"]
[Date "2021.07.22"]
[Round "9"]
[White "Polich, Sergey"]
[Black "Kourousis, Epaminondas"]
[Result "0-1"]
[WhiteElo "2179"]
[BlackElo "2391"]
[PlyCount "82"]
[EventDate "2021.07.21"]
[EventType "swiss (rapid)"]
[EventRounds "9"]
[EventCountry "CZE"]
[SourceTitle "CBM 203 Extra"]
[Source "ChessBase"]
[SourceDate "2021.09.30"]
[SourceVersion "1"]
[SourceVersionDate "2021.09.30"]
[SourceQuality "1"]

1. Nf3 Nf6 2. c4 e6 3. d4 b6 4. Nc3 Bb7 5. g3 Bb4 6. Bg2 Bxc3+ 7. bxc3 Nc6 8. Ne5 Na5 9. Bxb7 Nxb7 10. 0-0 d6 11. Nf3 c5 12. Bf4 0-0 13. Qd3 Na5 14. Rfd1 Re8 15. Rac1 h6 16. h4 Qe7 17. e4 e5 18. dxe5 dxe5 19. Bxe5 Ng4 20. Bf4 Qxe4 21. Qxe4 Rxe4 22. Nd2 Re2 23. Rf1 Rd8 24. Rcd1 Rd3 25. Rde1 Rdxd2 26. Bxd2 Rxd2 27. Re8+ Kh7 28. Re7 Kg6 29. Rxa7 h5 30. Rb1 Nxc4 31. Ra4 Nce5 32. Rxb6+ f6 33. Rf4 Nd3 34. Ra4 Rxf2 35. Rd6 Nde5 36. Rxg4+ Nxg4 37. Rc6 Rxa2 38. Rxc5 Ne5 39. Rc7 Rc2 40. Kf1 Nf3 41. Rc5 Nd2+ 0-1

[Event "Pardubice op rapid 32nd"]
[Site "Pardubice"]
[Date "2021.07.21"]
[Round "1"]
[White "Kourousis, Epaminondas"]
[Black "Kutek, Jiri"]
[Result "1-0"]
[WhiteElo "2391"]
[BlackElo "1565"]
[PlyCount "37"]
[EventDate "2021.07.21"]
[EventType "swiss (rapid)"]
[EventRounds "9"]
[EventCountry "CZE"]
[SourceTitle "CBM 203 Extra"]
[Source "ChessBase"]
[SourceDate "2021.09.30"]
[SourceVersion "1"]
[SourceVersionDate "2021.09.30"]
[SourceQuality "1"]

1. Nf3 d5 2. g3 Bf5 3. Bg2 e6 4. 0-0 Nf6 5. d3 Bd6 6. Nbd2 Nbd7 7. Qe1 0-0 8. e4 dxe4 9. dxe4 Bg6 10. e5 Bxc2 11. exf6 Nxf6 12. Ne5 c6 13. Ndc4 Be7 14. Qe2 Bg6 15. h4 h6 16. Nxg6 fxg6 17. Qxe6+ Kh8 18. Ne5 Qe8 19. Qxe7 1-0

[Event "CZE-ch Betsys Online Blitz"]
[Site "Chess.com INT"]
[Date "2021.04.17"]
[Round "8"]
[White "Gnojek, Petr"]
[Black "Kourousis, Epaminondas"]
[Result "0-1"]
[WhiteElo "2267"]
[BlackElo "2391"]
[PlyCount "116"]
[EventDate "2021.04.17"]
[EventType "swiss (blitz)"]
[EventRounds "13"]
[EventCountry "CZE"]
[SourceTitle "CBM 201 Extra"]
[Source "ChessBase"]
[SourceDate "2021.05.31"]
[SourceVersion "1"]
[SourceVersionDate "2021.05.31"]
[SourceQuality "1"]

1. d4 Nf6 2. c4 e6 3. Nc3 Bb4 4. Qc2 d6 5. e4 Nbd7 6. Nf3 e5 7. Be3 Bxc3+ 8. bxc3 b6 9. h3 Bb7 10. Bd3 Qe7 11. Nd2 Nh5 12. Be2 Nf4 13. Bf3 0-0 14. g3 f5 15. gxf4 exf4 16. 0-0-0 fxe3 17. fxe3 f4 18. exf4 Rxf4 19. Rhf1 Raf8 20. Bg2 Qg5 21. Rxf4 Rxf4 22. Rf1 Nf6 23. Rxf4 Qxf4 24. Qd3 Qf2 25. Qf3 Qxf3 26. Bxf3 Bc8 27. Bg2 Nh5 28. Bf1 Nf4 29. h4 Bg4 30. e5 dxe5 31. dxe5 Ng6 32. Bd3 Nxe5 33. Be4 Be6 34. Bd5 Bxd5 35. cxd5 Kf7 36. Ne4 h6 37. h5 Ke7 38. Ng3 Nd3+ 39. Kd2 Nf4 40. Nf5+ Kf6 41. d6 cxd6 42. Nxd6 Nxh5 43. Nc8 Nf4 44. Nxa7 g5 45. Nc8 b5 46. Nd6 h5 47. Nxb5 h4 48. a4 h3 49. Nd6 Ke5 50. Nc4+ Ke4 51. Ne3 Kf3 52. Nf1 Kf2 53. Ne3 h2 54. Ng4+ Kg3 55. Nxh2 Kxh2 56. a5 Ne6 57. a6 Nc7 58. a7 g4 0-1

[Event "CZE-ch Betsys Online Blitz"]
[Site "Chess.com INT"]
[Date "2021.04.17"]
[Round "6"]
[White "Karasek, Lukas"]
[Black "Kourousis, Epaminondas"]
[Result "1/2-1/2"]
[WhiteElo "2280"]
[BlackElo "2391"]
[PlyCount "61"]
[EventDate "2021.04.17"]
[EventType "swiss (blitz)"]
[EventRounds "13"]
[EventCountry "CZE"]
[SourceTitle "CBM 201 Extra"]
[Source "ChessBase"]
[SourceDate "2021.05.31"]
[SourceVersion "1"]
[SourceVersionDate "2021.05.31"]
[SourceQuality "1"]

1. Nf3 Nf6 2. g3 b6 3. Bg2 Bb7 4. c4 e6 5. 0-0 Be7 6. d4 0-0 7. d5 a5 8. Nc3 Bb4 9. Nd4 Bxc3 10. bxc3 e5 11. Nf5 d6 12. e4 Bc8 13. Ne3 Nbd7 14. Ba3 Re8 15. Qd3 Ba6 16. Rae1 Nf8 17. f4 N8d7 18. Nf5 exf4 19. gxf4 g6 20. Ng3 Re7 21. e5 Ne8 22. e6 Nc5 23. Bxc5 dxc5 24. f5 Nd6 25. fxg6 fxg6 26. Rf4 Qe8 27. Ref1 Qa4 28. Qf3 Qe8 29. Qd3 Qa4 30. Qf3 Qe8 31. Qd3 1/2-1/2

[Event "CZE-ch Betsys Online Blitz"]
[Site "Chess.com INT"]
[Date "2021.04.17"]
[Round "13"]
[White "Kourousis, Epaminondas"]
[Black "Mica, Marek"]
[Result "1-0"]
[WhiteElo "2391"]
[BlackElo "2274"]
[PlyCount "105"]
[EventDate "2021.04.17"]
[EventType "swiss (blitz)"]
[EventRounds "13"]
[EventCountry "CZE"]
[SourceTitle "CBM 201 Extra"]
[Source "ChessBase"]
[SourceDate "2021.05.31"]
[SourceVersion "1"]
[SourceVersionDate "2021.05.31"]
[SourceQuality "1"]

1. Nf3 d5 2. d4 Nf6 3. c4 e6 4. g3 dxc4 5. Bg2 a6 6. 0-0 Nc6 7. e3 Rb8 8. Qe2 b5 9. b3 cxb3 10. axb3 Be7 11. Bd2 0-0 12. Rc1 Nb4 13. Bxb4 Bxb4 14. Ne5 Rb6 15. Nc6 Qd6 16. Ra2 Bd7 17. Rac2 Bxc6 18. Rxc6 Rxc6 19. Rxc6 Qe7 20. Rxa6 c5 21. Qxb5 cxd4 22. exd4 Rc8 23. Rc6 Rd8 24. Rb6 Bd6 25. Rb7 Qf8 26. Nd2 g6 27. Nf3 h6 28. h3 Nd5 29. Ne5 Bxe5 30. dxe5 Qa3 31. Bxd5 exd5 32. Qd3 Qa1+ 33. Kg2 Qxe5 34. Qf3 Qe4 35. Rxf7 Rb8 36. Rf4 Qxf3+ 37. Rxf3 Kg7 38. Rd3 Rb4 39. f4 Kf6 40. Kf3 Ke6 41. g4 h5 42. Kg3 Kf6 43. Kh4 Rxf4 44. Rxd5 hxg4 45. hxg4 Rb4 46. Rd3 Rb5 47. Re3 Rb4 48. Rf3+ Kg7 49. Kg5 Rb5+ 50. Kf4 Kf6 51. Ke4+ Kg5 52. Rg3 Rb4+ 53. Kd5 1-0

[Event "Titled Tuesday intern op 09th Mar"]
[Site "Chess.com INT"]
[Date "2021.03.09"]
[Round "5"]
[White "Mikhailovsky, Vladimir"]
[Black "Kourousis, Epaminondas"]
[Result "1-0"]
[WhiteElo "2228"]
[BlackElo "2391"]
[PlyCount "83"]
[EventDate "2021.03.09"]
[EventType "swiss (blitz)"]
[EventRounds "11"]
[EventCountry "USA"]
[SourceTitle "CBM 201 Extra"]
[Source "ChessBase"]
[SourceDate "2021.05.31"]
[SourceVersion "1"]
[SourceVersionDate "2021.05.31"]
[SourceQuality "1"]

1. b3 e6 2. Bb2 Nf6 3. e3 b6 4. Nf3 Bb7 5. d4 c5 6. Nbd2 Be7 7. Bd3 0-0 8. 0-0 d6 9. a3 Nbd7 10. c4 cxd4 11. exd4 Re8 12. Re1 Bf8 13. h3 a6 14. Qc2 Rc8 15. Rad1 b5 16. Qb1 bxc4 17. bxc4 Qa5 18. d5 exd5 19. Bxf6 Nxf6 20. Qxb7 Qxa3 21. Bf5 Rb8 22. Qc7 g6 23. Bb1 Rec8 24. Qa7 dxc4 25. Ne4 Nxe4 26. Bxe4 Qc5 27. Qxa6 Rb2 28. Re3 Bh6 29. Rd5 Bxe3 30. Rxc5 Bxf2+ 31. Kh2 Rxc5 32. Qxd6 c3 33. Qf6 Rb8 34. Ne5 Rc7 35. Qxf2 Re8 36. Ng4 Rxe4 37. Nf6+ Kg7 38. Nxe4 c2 39. Qf6+ Kh6 40. Nd6 c1Q 41. Nf5+ Kh5 42. g4# 1-0

[Event "Titled Tuesday intern op 02nd Mar"]
[Site "Chess.com INT"]
[Date "2021.03.02"]
[Round "2"]
[White "Kourousis, Epaminondas"]
[Black "Shahaliyev, Ismayil Bahram"]
[Result "1/2-1/2"]
[WhiteElo "2391"]
[BlackElo "2413"]
[PlyCount "67"]
[EventDate "2021.03.02"]
[EventType "swiss (blitz)"]
[EventRounds "11"]
[EventCountry "USA"]
[SourceTitle "CBM 201 Extra"]
[Source "ChessBase"]
[SourceDate "2021.05.31"]
[SourceVersion "1"]
[SourceVersionDate "2021.05.31"]
[SourceQuality "1"]

1. Nf3 d5 2. d4 Nf6 3. c4 c6 4. Nc3 dxc4 5. a4 g6 6. e4 Bg7 7. Bxc4 0-0 8. h3 b6 9. Qe2 a5 10. Be3 Ba6 11. 0-0 Qc8 12. e5 Nd5 13. Nxd5 cxd5 14. Bb5 Bxb5 15. axb5 Ra7 16. Rfc1 Rc7 17. Rxc7 Qxc7 18. Rc1 Qd7 19. Rc3 Rc8 20. Qc2 Rxc3 21. Qxc3 h6 22. Qd3 Qc8 23. Kf1 Kh7 24. Ke2 Nd7 25. Kd2 Nf8 26. Qc3 Qf5 27. Kc1 Ne6 28. Qc6 Qd3 29. Qxb6 Qc4+ 30. Kd2 Qb4+ 31. Kc2 Qc4+ 32. Kd2 Qb4+ 33. Kc2 Qc4+ 34. Kd2 1/2-1/2

[Event "Titled Tuesday intern op 02nd Mar"]
[Site "Chess.com INT"]
[Date "2021.03.02"]
[Round "7"]
[White "Kourousis, Epaminondas"]
[Black "Simonovic, Miroslav"]
[Result "1-0"]
[WhiteElo "2391"]
[BlackElo "2119"]
[PlyCount "63"]
[EventDate "2021.03.02"]
[EventType "swiss (blitz)"]
[EventRounds "11"]
[EventCountry "USA"]
[SourceTitle "CBM 201 Extra"]
[Source "ChessBase"]
[SourceDate "2021.05.31"]
[SourceVersion "1"]
[SourceVersionDate "2021.05.31"]
[SourceQuality "1"]

1. d4 Nf6 2. c4 c5 3. d5 b5 4. Bg5 Ne4 5. Nd2 Nxg5 6. h4 Ne6 7. dxe6 dxe6 8. cxb5 Qa5 9. e4 a6 10. b6 Bb7 11. Rh3 g6 12. Qc2 Bh6 13. Qc3 Bxd2+ 14. Kxd2 Qxc3+ 15. bxc3 Bxe4 16. a4 a5 17. Re3 Bc6 18. Rb1 0-0 19. Bb5 Rd8+ 20. Kc2 Bxg2 21. Ne2 Nd7 22. Nf4 Bb7 23. Bxd7 Rxd7 24. Nd3 Rc8 25. Ne5 Rd6 26. Nc4 Rd7 27. Nxa5 Kg7 28. Nxb7 Rxb7 29. a5 Ra8 30. Rb5 Ra6 31. Re5 Kf6 32. Rexc5 1-0

[Event "Titled Tuesday intern op 02nd Mar"]
[Site "Chess.com INT"]
[Date "2021.03.02"]
[Round "5"]
[White "Shuvalova, Polina"]
[Black "Kourousis, Epaminondas"]
[Result "0-1"]
[WhiteElo "2476"]
[BlackElo "2391"]
[PlyCount "106"]
[EventDate "2021.03.02"]
[EventType "swiss (blitz)"]
[EventRounds "11"]
[EventCountry "USA"]
[SourceTitle "CBM 201 Extra"]
[Source "ChessBase"]
[SourceDate "2021.05.31"]
[SourceVersion "1"]
[SourceVersionDate "2021.05.31"]
[SourceQuality "1"]

1. d4 Nf6 2. Nc3 d5 3. Bf4 a6 4. e3 c5 5. dxc5 Nc6 6. a3 g6 7. Nf3 Nh5 8. Qxd5 Nxf4 9. Qxd8+ Nxd8 10. exf4 Bg7 11. Bc4 Bxc3+ 12. bxc3 Be6 13. Ne5 Bxc4 14. Nxc4 Ne6 15. c6 bxc6 16. g3 0-0-0 17. Ke2 Kc7 18. Rab1 Rd5 19. Ne5 f6 20. Nd3 Ra5 21. Rb3 Nc5 22. Nxc5 Rxc5 23. Rhb1 Kd6 24. Rd1+ Ke6 25. Rd3 h5 26. Rb7 h4 27. Re3+ Kf5 28. Rbxe7 hxg3 29. hxg3 g5 30. fxg5 fxg5 31. Rf7+ Kg4 32. Ra7 Ra5 33. c4 Ra4 34. c5 Rc4 35. Kd2 Rh2 36. Re2 Rxc5 37. Rxa6 Kf3 38. Re3+ Kxf2 39. Re2+ Kxg3 40. Rxh2 Kxh2 41. Ra8 g4 42. Rh8+ Kg2 43. Kd3 Ra5 44. Ke3 Rxa3+ 45. Kd4 g3 46. c4 Kf2 47. Rf8+ Rf3 48. Rg8 g2 49. Kc5 Rg3 50. Rf8+ Ke2 51. Re8+ Kd2 52. Rd8+ Kc2 53. Ra8 g1Q+ 0-1

[Event "CZE-chT1W 1920"]
[Site "Czech Republic"]
[Date "2020.06.14"]
[Round "11.1"]
[White "Kourousis, Epaminondas"]
[Black "Votava, Jan"]
[Result "1/2-1/2"]
[WhiteElo "2389"]
[BlackElo "2521"]
[PlyCount "84"]
[EventDate "2019.10.20"]
[EventType "team-tourn"]
[EventRounds "11"]
[EventCountry "CZE"]
[SourceTitle "EXT 2021"]
[Source "ChessBase"]
[SourceDate "2020.10.23"]
[SourceVersion "1"]
[SourceVersionDate "2020.10.23"]
[SourceQuality "1"]
[WhiteTeam "Praha DP EA Hotels"]
[BlackTeam "Polabiny II"]
[WhiteTeamCountry "CZE"]
[BlackTeamCountry "CZE"]

1. Nf3 d5 2. b3 Nf6 3. Bb2 e6 4. g3 c5 5. Bg2 Nc6 6. 0-0 Be7 7. d4 0-0 8. Nbd2 Bd7 9. c4 cxd4 10. Nxd4 Nxd4 11. Bxd4 Bc6 12. Rc1 Rc8 13. cxd5 Bxd5 14. Rxc8 Qxc8 15. Bxf6 Bxf6 16. Bxd5 exd5 17. Nf3 Rd8 18. Qd3 a6 19. Kg2 g6 20. Rd1 Kg7 21. Rd2 Qe6 22. Rc2 Rd7 23. Ne1 g5 24. h3 h5 25. Nf3 g4 26. hxg4 Qxg4 27. Nh2 Qe4+ 28. Qxe4 dxe4 29. Nf1 Bg5 30. e3 f5 31. Nd2 b5 32. Kf1 Bd8 33. Ke2 Rc7 34. Rxc7+ Bxc7 35. f3 Bxg3 36. fxe4 Kf6 37. a4 bxa4 38. bxa4 Bc7 39. Kf3 h4 40. exf5 Kxf5 41. Ne4 Bb6 42. Nf2 Ke5 1/2-1/2

[Event "CZE-chT1W 1920"]
[Site "Czech Republic"]
[Date "2020.06.13"]
[Round "10.1"]
[White "Vavra, Pavel"]
[Black "Kourousis, Epaminondas"]
[Result "0-1"]
[WhiteElo "2342"]
[BlackElo "2389"]
[PlyCount "84"]
[EventDate "2019.10.20"]
[EventType "team-tourn"]
[EventRounds "11"]
[EventCountry "CZE"]
[SourceTitle "EXT 2021"]
[Source "ChessBase"]
[SourceDate "2020.10.23"]
[SourceVersion "1"]
[SourceVersionDate "2020.10.23"]
[SourceQuality "1"]
[WhiteTeam "Vysehrad"]
[BlackTeam "Praha DP EA Hotels"]
[WhiteTeamCountry "CZE"]
[BlackTeamCountry "CZE"]

1. d4 Nf6 2. Bg5 e6 3. Nd2 c5 4. e3 cxd4 5. exd4 Be7 6. Bd3 b6 7. Ne2 0-0 8. 0-0 Ba6 9. Bxa6 Nxa6 10. Bxf6 Bxf6 11. Ne4 d5 12. Nxf6+ Qxf6 13. a4 Rfc8 14. c3 Nc7 15. f4 g6 16. g4 Ne8 17. f5 Qg5 18. Ng3 exf5 19. gxf5 Nd6 20. Kh1 Re8 21. Qf3 Ne4 22. Nxe4 dxe4 23. Qf4 Qxf4 24. Rxf4 g5 25. Rg4 Kg7 26. Re1 Kf6 27. Rgxe4 Rxe4 28. Rxe4 Kxf5 29. Re7 Kf6 30. Re5 h5 31. Kg2 Kg6 32. a5 f6 33. Rb5 Re8 34. axb6 axb6 35. Kf3 g4+ 36. Kf2 h4 37. d5 Re5 38. c4 Re4 39. b3 Rf4+ 40. Kg1 Rd4 41. Rxb6 Rd1+ 42. Kf2 g3+ 0-1

[Event "CZE-chT1W 1920"]
[Site "Czech Republic"]
[Date "2020.03.01"]
[Round "9.3"]
[White "Kourousis, Epaminondas"]
[Black "Vokac, Marek"]
[Result "1/2-1/2"]
[WhiteElo "2389"]
[BlackElo "2340"]
[PlyCount "23"]
[EventDate "2019.10.20"]
[EventType "team-tourn"]
[EventRounds "11"]
[EventCountry "CZE"]
[SourceTitle "CBM 195 Extra"]
[Source "ChessBase"]
[SourceDate "2020.05.31"]
[SourceVersion "1"]
[SourceVersionDate "2020.05.31"]
[SourceQuality "1"]
[WhiteTeam "Praha DP EA Hotels"]
[BlackTeam "Ceske Budejovice"]
[WhiteTeamCountry "CZE"]
[BlackTeamCountry "CZE"]

1. Nf3 g6 2. c4 Bg7 3. g3 e5 4. Nc3 Nc6 5. Bg2 f5 6. 0-0 Nf6 7. d3 0-0 8. Rb1 a5 9. c5 d5 10. cxd6 Qxd6 11. Bd2 h6 12. a3 1/2-1/2